[Event "Barcelona Catalunya op 26th"]
[Site "Barcelona"]
[Date "2014.11.22"]
[Round "8"]
[White "Holinko do Nascimento, Gago Joao"]
[Black "Benavides Castellano, Nitai"]
[Result "1-0"]
[WhiteElo "1700"]
[BlackElo "1728"]
[PlyCount "35"]
[EventDate "2014.09.27"]
[EventType "swiss"]
[EventRounds "9"]
[EventCountry "ESP"]
[SourceTitle "EXT 2017"]
[Source "ChessBase"]
[SourceDate "2016.10.25"]
[SourceVersion "1"]
[SourceVersionDate "2016.10.25"]
[SourceQuality "1"]

1. e4 e5 2. Bc4 Nf6 3. Nf3 Bc5 4. Nxe5 d5 5. exd5 0-0 6. Qf3 c6 7. Qg3 Nh5 8. Qf3 Nf6 9. d3 Nbd7 10. Bh6 Re8 11. Qg3 g6 12. dxc6 bxc6 13. Bxf7+ Kh8 14. Kf1 Qa5 15. Nxg6+ hxg6 16. c3 Re7 17. Qxg6 Ne8 18. Qg8# 1-0

[Event "Barcelona Catalunya op 26th"]
[Site "Barcelona"]
[Date "2014.11.01"]
[Round "5"]
[White "Holinko do Nascimento, Gago Joao"]
[Black "Ibarguen Riano, Alicia"]
[Result "1-0"]
[WhiteElo "1700"]
[BlackElo "1700"]
[PlyCount "110"]
[EventDate "2014.09.27"]
[EventType "swiss"]
[EventRounds "9"]
[EventCountry "ESP"]
[SourceTitle "EXT 2017"]
[Source "ChessBase"]
[SourceDate "2016.10.25"]
[SourceVersion "1"]
[SourceVersionDate "2016.10.25"]
[SourceQuality "1"]

1. e4 g6 2. b3 Bg7 3. e5 e6 4. Nf3 Ne7 5. Bc4 0-0 6. 0-0 Nbc6 7. Ng5 Nxe5 8. Qe2 Nxc4 9. Qxc4 Bxa1 10. Qh4 h5 11. g4 Bf6 12. Bb2 Nf5 13. gxf5 Bxb2 14. c3 exf5 15. Kh1 f6 16. Rg1 fxg5 17. Rxg5 Kg7 18. Qxh5 Qxg5 19. Qxg5 b6 20. d4 Bb7+ 21. f3 Bxf3+ 22. Kg1 Rae8 23. Qd2 Ba3 24. Nxa3 Re2 25. Qc1 Rg2+ 26. Kf1 Re8 27. Nc2 Rxh2 28. Qf4 Rh1+ 29. Kf2 Re2+ 30. Kxf3 Rxc2 31. Qe5+ Kh6 32. Qh8+ Kg5 33. Qxh1 Rxc3+ 34. Ke2 Rc2+ 35. Kd3 Rxa2 36. Qc1+ f4 37. Qg1+ Kf6 38. Qg4 Rb2 39. Qxf4+ Kg7 40. Qe5+ Kh6 41. Qh8+ Kg5 42. Qd8+ Kh6 43. Qh8+ Kg5 44. Qe5+ Kh6 45. Qe3+ Kg7 46. Qe7+ Kh6 47. Qh4+ Kg7 48. Qe7+ Kh6 49. Qe3+ Kg7 50. Kc3 Rb1 51. d5 d6 52. Qd4+ Kh6 53. Qe3+ Kg7 54. Kc2 Ra1 55. Qd4+ Kf7 1-0